000 00558nam a22001697a 4500
003 LK-CoNARA
005 20251017152908.0
008 251017b |||||||| |||| 00| 0 eng d
040 _cNARA
082 _a639.231
_bWIL
245 _aSharks and rays listed on CITES:
_bconvention on international trade in endangered species of wild flora and fauna/ Whole Carcass
260 _aNew York:
_bWildlife Conservation Society,
_c2024.
300 _a118p.
650 0 _aSharks and Rays
_94987
700 _aWildlife Conservation Society
_921849
942 _2udc
_cREF
999 _c12682
_d12682